| 000 | 00836nmc a2200289 a 4500 | ||
|---|---|---|---|
| 003 | AR-BaBNM | ||
| 005 | 20251128203040.0 | ||
| 008 | 011101s1988 ||||||||||||||000 | spa|| | ||
| 020 | _a950-12-3562-9 | ||
| 040 | _cAR-BaBNM | ||
| 100 | 1 | _aHill, Winfred F. | |
| 245 | 1 | 0 | _aTeorías contemporáneas del aprendizaje |
| 260 |
_aBuenos Aires _bPaidós _c1988 |
||
| 300 | 0 |
_a264 p. _bcuadros |
|
| 490 | 0 | _aBiblioteca psicológicas del siglo xx. Menor | |
| 504 | _aContiene bibliografía | ||
| 650 | 4 | _aTEORIAS DEL APRENDIZAJE | |
| 650 | 4 | _aPROCESO DE APRENDIZAJE | |
| 650 | 4 | _aPSICOLOGIA DE LA EDUCACION | |
| 650 | 4 | _aPSICOLINGUISTICA | |
| 650 | 4 | _aPSICOLOGIA DE LOS PROCESOS SENSORIALES | |
| 650 | 4 | _aCORRIENTES PSICOLOGICAS | |
| 650 | 4 | _aCIBERNETICA | |
| 653 | 0 | _aINVESTIGACION EDUCATIVA | |
| 942 | _cBK | ||
| 998 | _cGrace | ||
| 999 |
_c1663 _d1663 |
||